000
00293nam a22001337a 4500
008
181106b xxu||||| |||| 00| 0 eng d
020
_a
0444007520
041
_a
eng
080
_a
159.9
100
_a
48
101
_a
PSI
245
_a
The Somatizing Disorders
_c
Ford,Ch.V
942
_2
udc
_c
BK
999
_c
51978
_d
51978